[Event "Vienna State-chB"]
[Site "Vienna"]
[Date "2022.09.23"]
[Round "7"]
[White "Kern, Julian"]
[Black "Herter, Leonhard"]
[Result "1-0"]
[WhiteElo "1694"]
[BlackElo "1341"]
[PlyCount "65"]
[EventDate "2022.09.17"]
[EventType "swiss"]
[EventRounds "9"]
[EventCountry "AUT"]
[SourceTitle "CBM 210 Extra"]
[Source "ChessBase"]
[SourceDate "2022.11.30"]
[SourceVersion "1"]
[SourceVersionDate "2022.11.30"]
[SourceQuality "1"]

1. d4 Nf6 2. c4 e5 3. dxe5 Ng4 4. Nf3 Nc6 5. e4 Bb4+ 6. Bd2 Bc5 7. Bg5 Be7 8. Bxe7 Qxe7 9. Be2 Ngxe5 10. Nxe5 Nxe5 11. 0-0 b6 12. Nc3 c6 13. Qc2 0-0 14. Rad1 Bb7 15. b3 Rad8 16. Qd2 f5 17. f4 Ng4 18. Bxg4 fxg4 19. Qf2 Qb4 20. Rd3 d5 21. exd5 cxd5 22. Nxd5 Bxd5 23. Rxd5 Rxd5 24. cxd5 Qe4 25. d6 Qd5 26. Qg3 Qd4+ 27. Kh1 Qxd6 28. Qxg4 Rd8 29. h3 a5 30. Re1 Kf7 31. Qh5+ Kf6 32. f5 Qe6 33. Rxe6# 1-0

[Event "Vienna State-chB"]
[Site "Vienna"]
[Date "2022.09.22"]
[Round "6"]
[White "Herter, Leonhard"]
[Black "Schlepper, Yannik"]
[Result "1-0"]
[WhiteElo "1341"]
[BlackElo "1233"]
[PlyCount "43"]
[EventDate "2022.09.17"]
[EventType "swiss"]
[EventRounds "9"]
[EventCountry "AUT"]
[SourceTitle "CBM 210 Extra"]
[Source "ChessBase"]
[SourceDate "2022.11.30"]
[SourceVersion "1"]
[SourceVersionDate "2022.11.30"]
[SourceQuality "1"]

1. e4 c6 2. Nf3 d5 3. Nc3 dxe4 4. Nxe4 Bf5 5. Ng3 Bg6 6. h4 h5 7. Ne5 Qd6 8. d4 Nd7 9. Nxg6 Qxg6 10. Be2 Ngf6 11. Bg5 Nd5 12. Bxh5 Rxh5 13. Qxh5 Qxc2 14. 0-0 N7f6 15. Qe2 Qg6 16. Rac1 0-0-0 17. a3 Nh7 18. b4 Nxg5 19. hxg5 Kb8 20. Qe5+ Ka8 21. b5 Rc8 22. Qxd5 1-0

[Event "Vienna State-chB"]
[Site "Vienna"]
[Date "2022.09.18"]
[Round "2"]
[White "Herter, Leonhard"]
[Black "Powell, Joshua1111"]
[Result "1-0"]
[WhiteElo "1341"]
[BlackElo "1738"]
[PlyCount "65"]
[EventDate "2022.09.17"]
[EventType "swiss"]
[EventRounds "9"]
[EventCountry "AUT"]
[SourceTitle "CBM 210 Extra"]
[Source "ChessBase"]
[SourceDate "2022.11.30"]
[SourceVersion "1"]
[SourceVersionDate "2022.11.30"]
[SourceQuality "1"]

1. e4 g6 2. Nf3 Bg7 3. d4 d6 4. Be2 Nd7 5. c3 a6 6. 0-0 c5 7. a4 cxd4 8. cxd4 e6 9. Bf4 Qe7 10. Nbd2 e5 11. Bg3 exd4 12. Nb3 Ngf6 13. Bh4 Ne5 14. Nfxd4 0-0 15. f3 Be6 16. Nxe6 Qxe6 17. Nd4 Qd7 18. Qb3 Rab8 19. Rac1 Nc6 20. Nc2 h5 21. Rfd1 Rfd8 22. Ne3 Qe6 23. Bc4 Qd7 24. Qb6 Re8 25. Ba2 Ne5 26. Bb3 Rbc8 27. Rxc8 Qxc8 28. Qxd6 Bh6 29. Bxf6 Bxe3+ 30. Kh1 Nc4 31. Qd5 Re6 32. Qd8+ Qxd8 33. Rxd8+ 1-0

[Event "GER-chT U20"]
[Site "Osnabrueck"]
[Date "2015.12.29"]
[Round "5.6"]
[White "Komarov, Jan"]
[Black "Herter, Leonhard"]
[Result "1-0"]
[WhiteElo "1866"]
[BlackElo "1260"]
[PlyCount "24"]
[EventDate "2015.12.27"]
[EventType "team-swiss"]
[EventRounds "7"]
[EventCountry "GER"]
[SourceTitle "EXT 2017"]
[Source "ChessBase"]
[SourceDate "2016.10.25"]
[SourceVersion "1"]
[SourceVersionDate "2016.10.25"]
[SourceQuality "1"]
[WhiteTeam "Muenchen Suedost"]
[BlackTeam "Forchheim"]
[WhiteTeamCountry "GER"]
[BlackTeamCountry "GER"]

1. e4 e6 2. d4 d5 3. Nc3 h6 4. Nf3 Nf6 5. Bd3 Bb4 6. exd5 Nxd5 7. Bd2 Nxc3 8. bxc3 Bd6 9. 0-0 0-0 10. Qe2 Nc6 11. Rab1 b6 12. Qe4 Bd7 1-0

[Event "GER-chT U12"]
[Site "Arendsee"]
[Date "2009.12.28"]
[Round "4.4"]
[White "Tuente, Hendrik"]
[Black "Herter, Leonhard"]
[Result "1-0"]
[WhiteElo "1049"]
[BlackElo "827"]
[PlyCount "69"]
[EventDate "2009.12.27"]
[EventType "team-swiss"]
[EventRounds "7"]
[EventCountry "GER"]
[SourceTitle "EXT 2022"]
[Source "ChessBase"]
[SourceDate "2021.10.06"]
[SourceVersion "1"]
[SourceVersionDate "2021.10.06"]
[SourceQuality "1"]
[WhiteTeam "Raesfeld Erle U12"]
[BlackTeam "Forchheim SC U12"]
[WhiteTeamCountry "GER"]
[BlackTeamCountry "GER"]

1. e4 e5 2. Nf3 Nc6 3. Bc4 Bc5 4. Nc3 d6 5. d3 Nf6 6. Bg5 h6 7. Bh4 0-0 8. Nd5 Bg4 9. Nxf6+ Kh8 10. Nxg4 Qd7 11. Ne3 Bxe3 12. fxe3 a6 13. Bd5 Nb4 14. Bxb7 Rab8 15. Bd5 c6 16. Bb3 d5 17. Nxe5 Qd6 18. Nf3 Ra8 19. a3 Qc5 20. axb4 Qxe3+ 21. Qe2 Qa7 22. Bf2 Qd7 23. 0-0 Qd6 24. Bc5 Qb8 25. Bxf8 Qxf8 26. exd5 cxd5 27. Bxd5 Qxb4 28. Bxa8 Qf8 29. Rxa6 f6 30. Ng5 Qc5+ 31. Rf2 Qxg5 32. Qe8+ Kh7 33. Be4+ f5 34. Bxf5+ Qxf5 35. Rxf5 1-0